| 000 | 00726nam a22002177a 4500 | ||
|---|---|---|---|
| 003 | OSt | ||
| 005 | 20260120073951.0 | ||
| 008 | 210316b ||||| |||| 00| 0 spa d | ||
| 020 | _a9789945095852 | ||
| 040 |
_aDO-SdBNP _bspa _cBNPHU |
||
| 082 | 4 |
_a231.7 _bF897d _222 |
|
| 100 | 1 | 0 |
_aFrías Báez, Dámaris M. _978148 |
| 245 | 1 | 0 |
_aDel amor al arte : _bel desierto de una vida convertida por Dios en poesía / _cDámaris M. Frías Báez |
| 260 |
_aSanto Domingo : _bPublicaciones Libertad, _c2020 |
||
| 300 |
_a248 p. ; _c23 cm |
||
| 650 | 0 |
_aVida cristiana _9668 |
|
| 650 | 0 |
_aVida espiritual _9268 |
|
| 650 | 0 |
_aMeditaciones _95988 |
|
| 910 | _aInventariado, 2021 / DG/Validado. Control de calidad MFF | ||
| 942 |
_2ddc _cLBS1 |
||
| 999 |
_c49581 _d49581 |
||